000
00289nam a22001337a 4500
008
170829b xxu||||| |||| 00| 0 eng d
020
_a
2900312683060
041
_a
eng
080
_2
39
_a
070
100
_a
39
101
_a
MED
245
_a
STEP BY STEP
_c
GARDNER.J.H
942
_2
udc
_c
BK
999
_c
25366
_d
25366